000 03567cam a2200445 i 4500
001 data
005 20260322212107.0
008 data
035 _a20646430
906 _a7
_bcbc
_ccopycat
_d2
_eepcn
_f20
_gy-gencatlg
925 0 _aacquire
_b1 shelf copy
_xpolicy default
010 _a 2018956175
016 7 _a019085315
_2Uk
020 _a9789004384286
_qpaperback
020 _a9004384286
_qpaperback
020 _z9789004384293
_qelectronic book
020 _z9004384294
_qelectronic book
035 _a(OCoLC)1059517075
040 _aQGJ
_beng
_cQGJ
_erda
_dDLC
_dERASA
_dOHX
_dGUL
_dUKMGB
_dRCJ
_dDLC
041 0 _afre
_afre
042 _alccopycat
050 0 0 _aKZ3410
_b.N488 2018
082 0 4 _a341
_223
245 0 0 _aNew challenges to international law :
_ba view from The Hague /
_cedited by Steven van Hoogstraten.
264 1 _aBoston :
_aBoston :
_bBrill Nijhoff,
_c[2018]
300 _avi, 164 pages ;
_c24 cm.
336 _atext
_btxt
_2rdacontent
337 _aunmediated
_bn
_2rdamedia
338 _avolume
_bnc
_2rdacarrier
490 1 _aNijhoff law specials,
_x0924-4549 ;
_vvolume 96
504 _aIncludes bibliographical references.
505 0 0 _aIntroduction / Steven van Hoogstraten -- Compulsory Jurisdiction of the Court under the Optional Clause / Abdulqawi Ahmed Yusuf -- The Hague Academy of International Law and the Development of the Settlement of Disputes as a Global Mechanism / Yves Daudet -- The Constitutional Role of the ICJ within the UN System / Niels Blokker -- Mediation as an Alternative for International Dispute Settlement / Jeroen Vervliet -- Vers une nouvelle philosophie pour la justice pénale internationale / François Roux -- What Is There to Find for a Criminal Lawyer in the Peace Palace? / Alphons M. M. Orie -- The PCA, the Hague Courts and the Yukos case / Serge Vlaar -- The Universalization of Human Rights / Willem van Genugten -- Global Protection of Human Rights: Who Can See the Wood for the Trees? / Nico Schrijver -- ICTY and the New Law on Genocide / Carsten Stahn -- The Peace Palace and New Challenges to Peace Diplomacy / Steven van Hoogstraten -- Le Palais de la Paix, la CIJ et la Fondation Carnegie / Philippe Couvreur -- The Right to Food, a Standard for Civilization? / Steven van Hoogstraten -- Closing Statement / Steven van Hoogstraten.
520 8 _aInternational law and the Hague, the city where so many institutions of international law are established, are intimately connected. This book presents the views developed by some of the active players in the legal capital of the world on a number of the current challenges faced by international law. The starting point was a seminar held in the Peace Palace, reviewing some of the legal policy questions of today, such as the acceptance of the jurisdiction of the ICJ as a prerequisite to diuspute settlement. Supplementing these articles on classical international law are essays dealing with the younger discipline of international criminal law, as practiced by the ICC and other Tribunals, offering ideas on, among other things. how to speed up the lengthy procedures of international criminal tribunals. Other contributions debate the universality of human rights and their legal protection.
546 _aIn English, with two contributions in French.
650 0 _aInternational law.
650 7 _aInternational law.
_2fast
_0(OCoLC)fst00976984
700 1 _aHoogstraten, S. van,
_eeditor.
_4edt
830 0 _aNijhoff law specials ;
_v96.
999 _c1580
_d1580